00470nam a2200181 a 4500001001300000003000900013005001700022008004100039020002300080082001700103100001600120245002300136260004600159300001000205500003500215505001800250650002000268nice12345678IN_TiNIC20260116014730.0141020s2009 dela grp 000 0 eng  a9781107633476c49500a954.035bTAL aTalbot, Ian aPartition of India aDelhi bCambridge University Press c2009 a206p  aincludes index and biblioraphy2 abiblio, index aIndia-Partition